000 00286nam a2200109Ia 4500
008 190912s9999||||xx |||||||||||||| ||und||
100 _aR. Glenn Hubbard
245 0 _aMoney, the Financial System, and the Economy
260 _aUSA
_bPrentice Hall Inc.
_c1996
300 _a759
942 _cBK
999 _c7736
_d7736